zpět

Detail výsledku týmu

Chicago Bar & Grill ÚT, Liberec

Datum a čas kvízu

29.5 Celkem bodů Celkový počet nahraných bodů na tomto kvízu bez doplňovacích otázek.
5. Pořadí na kvízu Konečné umístění týmu na tomto kvízu.

Zaznamenané odpovědi

# Otázka Odpověď Body Výsledky
1. Pražská soukromá vysoká škola... je online 0
2. Bývalý španělský král, který č... Juan Carlos I. 1
3. Minulý týden se v Praze konal... Střelecký ostrov 1
4. Společnost Škoda Auto má novéh... Jihoafrická republika 1
5. Jak se jmenuje čerstvý držitel... Tomáš Souček 1
6. Historie kulečníkových her sah... slonovina 1
7. Kulečník, nebo také biliár (z... pool 1
8. Osmička (Eight-ball) se hraje... A 0
9. Nyní vám pustíme ukázku ze ser... karambol 1
10. Barva peněz je snímek z roku 1... Tom Cruise 1